Prácticas profesionales sobre casos reales 2015 (Registro nro. 3336)
[ vista simple ]
| 000 -LEADER | |
|---|---|
| fixed length control field | 02057 a2200241 4500 |
| 001 - CONTROL NUMBER | |
| control field | 40994 |
| 005 - DATE AND TIME OF LATEST TRANSACTION | |
| control field | 20260407155704.0 |
| 008 - FIXED-LENGTH DATA ELEMENTS--GENERAL INFORMATION | |
| fixed length control field | 260407a2016 arg spa d |
| 003 - CONTROL NUMBER IDENTIFIER | |
| control field | AR-UNSa-BCEJYS |
| 040 ## - CATALOGING SOURCE | |
| Original cataloging agency | AR-UNSa-BCEJYS |
| Language of cataloging | spa |
| Transcribing agency | AR-UNSa-BCEJYS |
| 080 ## - UNIVERSAL DECIMAL CLASSIFICATION NUMBER | |
| Universal Decimal Classification number | 347.965 |
| Common auxiliary subdivision | Abogados. La abogacía (prácticas profesionales) |
| 020 ## - INTERNATIONAL STANDARD BOOK NUMBER | |
| International Standard Book Number | 978-987-3810-25-1 |
| 041 ## - LANGUAGE CODE | |
| Language code of text/sound track or separate title | spa |
| 100 1# - MAIN ENTRY--PERSONAL NAME | |
| Personal name | Universidad de Buenos Aires. Facultad de Derecho. Secretaría de Extensión Universitaria y Bienestar Estudiantil |
| 245 10 - TITLE STATEMENT | |
| Title | Prácticas profesionales sobre casos reales 2015 |
| Name of part/section of a work | Anuario del patrocinio jurídico gratuito de la Facultad de Derecho UBA |
| 264 #1 - PRODUCTION, PUBLICATION, DISTRIBUTION, MANUFACTURE, AND COPYRIGHT NOTICE | |
| Place of production, publication, distribution, manufacture | Buenos Aires : |
| Name of producer, publisher, distributor, manufacturer | Universidad de Buenos Aires. Facultad de Derecho. Departamento de Publicaciones |
| Date of production, publication, distribution, manufacture, or copyright notice | 2016 |
| 300 ## - PHYSICAL DESCRIPTION | |
| Extent | 289 p. |
| Dimensions | 23 cm. |
| 505 ## - FORMATTED CONTENTS NOTE | |
| Formatted contents note | 1. Presentación / Oscar Zoppi - 2. Nuestro trabajo, la enseñanza, el aprendizaje y el servicio hacia la sociedad / Virginia Badino - 3. Casos de medidas excepcionales de protección de derechos de niñas, niños, adolescentes / Andrea Mercedes Pérez - 4. Casos de derechos económicos, sociales y culturales / Josefina Rita Sica - 5. Casos de derechos colectivos / Alejandro Rondanini - 6. Casos de derecho civil / César Zerbini - 7. Casos de ejecuciones / Virginia Badino - 8. Casos de derecho de familia: guarda y adopción / Cecildo Ángel Ayala - 9. Casos de derecho de familia: responsabilidad parental / Emilio Corsiglia - 10. Casos de derecho de familia: divorcio - / Javier Cornejo - 11. Casos de derecho de familia: violencia familiar / Oscar Zorzoli - 12. Casos de derecho penal / Roberto Von der Wettern - 13. Casos de derecho del trabajo y la seguridad social / Gustavo López Ariza - 14. Casos de mediación / María Cristina Klein - 15. Casos del servicio social y de psicología / Mariana Riudavets ; Paola Legnazzi ; Santiago Flaherty<br/> |
| 590 ## - LOCAL NOTE (RLIN) | |
| Local note | niveau_biblio:m niveau_hierar:0 |
| 700 1# - ADDED ENTRY--PERSONAL NAME | |
| Personal name | Zoppi, Oscar M. |
| 856 41 - ELECTRONIC LOCATION AND ACCESS | |
| Uniform Resource Identifier | <a href="https://biblioeco.unsa.edu.ar/pmb/images/libros/L126336.jpg">https://biblioeco.unsa.edu.ar/pmb/images/libros/L126336.jpg</a> |
| Link text | Imagen de portada |
| Electronic format type | image/jpeg |
| 942 ## - ADDED ENTRY ELEMENTS (KOHA) | |
| Koha item type | |
| Withdrawn status | Lost status | Damaged status | Not for loan | Home library | Current library | Shelving location | Date acquired | Total checkouts | Full call number | Barcode | Date last seen | Price effective from | Koha item type |
|---|---|---|---|---|---|---|---|---|---|---|---|---|---|
| Biblioteca Prof. Eusebio Cleto del Rey | Biblioteca Prof. Eusebio Cleto del Rey | 07/04/2026 | 347.965 U58 2015 | L126336 | 07/04/2026 | 07/04/2026 | Libro |